000 00301nam a22001217a 4500
008 170926b xxu||||| |||| 00| 0 eng d
041 _aeng
080 _a37
100 _a46
101 _aEDU
245 _aTHE DEPARTMENT CHAIRPERSON'S ROLE IN ENCANCING COLLEGE TEACHING
_cLUCAS,A.F
942 _2udc
_cBK
999 _c29861
_d29861